• 首页
  • 本馆介绍
  • 公告通知
  • 最新文献
  • 馆藏检索
  • 电子资源
  • 读者导购
  • 参考咨询
  • 我的图书馆
  • 登录
  • 详细信息显示
  • 放入我的书架
  • 预约/预借图书
  • 作者相关作品
  • 分类相关作品
  • 丛书相关作品
  • 出版社相关作品

书目信息

  • 表格格式
  • 工作单格式
  • 卡片格式
题名:
商业企业财务
    
 
作者: ;中国人民大学 编写
分册:  
出版信息: 北京   中国人民大学出版社  1981(1990重印)
页数: 282页
开本: 21cm
丛书名:
单 册:
中图分类: F715.51
科图分类: 29.4174
主题词: 商业会计--教材
电子资源:
ISBN: 7-300-00326-5
000 00726nam0 2200229 450
001 000042088
005 20120719235247.0
010    @a7-300-00326-5@dCNY3.50
011    @a7-300-00326-5
100    @a20120720d1981 m 0chi ea
101 0  @achi
102    @aCN
105    @ay 000yy
200 1  @a商业企业财务@9Shang Ye Qi Ye Cai Wu @f中国人民大学财政系《商业企业财务》编写组[编写]@pShangye Qiye Caiwu
210    @a北京@c中国人民大学出版社@d1981(1990重印)
215    @a282页@d21cm
606    @a商业会计@x教材
690    @aF715.51@v3
692    @a29.4174
711 02 @a中国人民大学@9zhong guo ren min da xue@b财政系@Bcai zheng xi@4编写
801  0 @aCN@b91MARC@c20130904
905    @aBZT@dF715.51@e298@f1@sF715.51/298
    
    商业企业财务/中国人民大学财政系《商业企业财务》编写组[编写].-北京:中国人民大学出版社,1981(1990重印)
    282页;21cm
    
    
    ISBN 7-300-00326-5:CNY3.50
    
●
相关链接 在五车中查询图书 在当当中查询图书 在豆瓣中查询图书


正题名:商业企业财务     索取号:F715.51/298         预约/预借

序号 登录号 条形码 馆藏地/架位号 状态 备注
山东省滨州职业学院图书馆 欢迎您!
大连网信软件有限公司© 版权所有